000 00375nam a2200157Ia 4500
008 230312s9999||||xx |||||||||||||| ||und||
020 _a3-03768-109-1
082 _a711.558
_bGAL-P
100 _aGalindo;Michelle
245 0 _aPlayground Design
260 _bBraun
_aUSA
_c2012
300 _a233
546 _aEng.
650 _aArchitecture
_vPlayground Design
942 _cBK
999 _c8258
_d8258